कुहुक कोयलिया की / (Record no. 112333)

MARC details
000 -LEADER
fixed length control field 01028nam a22002537a 4500
005 - DATE AND TIME OF LATEST TRANSACTION
control field 20170124102937.0
010 ## - LIBRARY OF CONGRESS CONTROL NUMBER
LC control number B-072581
020 ## - INTERNATIONAL STANDARD BOOK NUMBER
Terms of availability 90.00
035 ## - SYSTEM CONTROL NUMBER
System control number B-072581
037 ## - SOURCE OF ACQUISITION
Source of stock number/acquisition Cen Lib/Ret
040 ## - CATALOGING SOURCE
Original cataloging agency DPL
Language of cataloging HN
082 ## - DEWEY DECIMAL CLASSIFICATION NUMBER
Classification number 821
Item number संतोष
100 ## - MAIN ENTRY--PERSONAL NAME
Personal name संतोष शैलजा
9 (RLIN) 46931
245 ## - TITLE STATEMENT
Title कुहुक कोयलिया की /
Statement of responsibility, etc संतोष शैलजा
246 ## - VARYING FORM OF TITLE
Title proper/short title Kuhuk koyaliya ki /
Remainder of title by Santosh Shailja
260 ## - PUBLICATION, DISTRIBUTION, ETC. (IMPRINT)
Place of publication, distribution, etc नई दिल्ली
Name of publisher, distributor, etc भारतीय प्रकाशन संस्थान
Date of publication, distribution, etc 2002
270 ## - ADDRESS
Address 24/4855, अंसारी रोड, दरियागंज
City नई दिल्ली
Postal code 110002
300 ## - PHYSICAL DESCRIPTION
Extent 96पृ.
Dimensions 21सेमी (सजिल्द)
650 ## - SUBJECT ADDED ENTRY--TOPICAL TERM
Topical term or geographic name as entry element हिन्दी -- साहित्य
9 (RLIN) 46932
650 ## - SUBJECT ADDED ENTRY--TOPICAL TERM
Topical term or geographic name as entry element हिन्दी -- कविता
9 (RLIN) 779
650 ## - SUBJECT ADDED ENTRY--TOPICAL TERM
Topical term or geographic name as entry element Hindi - literature
9 (RLIN) 46933
650 ## - SUBJECT ADDED ENTRY--TOPICAL TERM
Topical term or geographic name as entry element Hindi - Poetry
9 (RLIN) 46934
942 ## - ADDED ENTRY ELEMENTS (KOHA)
Source of classification or shelving scheme Dewey Decimal Classification
Koha item type Hindi Books
Classification part 821
Call number suffix संतोष
Holdings
Withdrawn status Lost status Damaged status Not for loan Home library Current library Date acquired Source of acquisition Cost, normal purchase price Total Checkouts Full call number Barcode Date last seen Copy number Cost, replacement price Price effective from Koha item type
        Central Library Central Library 07/08/2015 Cen Lib/Ret 90.00   821 संतोष B-072581 07/08/2015 1 90.00 07/08/2015 Hindi Books

© Delhi Public Library
Hit Counter
free hit counter